Hauptstädte der Bundesstaaten in Mexiko - Statistiken

Allgemein
  • Dieses Quiz wurde 33 mal gespielt
  • Das Durchschnittsergebnis liegt bei 11 aus 31
Antwortstatistiken
Gliedstaat Hauptstadt % Korrekt
Jalisco Guadalajara
82%
Nuevo León Monterrey
82%
Yucatán Mérida
64%
Oaxaca Oaxaca de Juárez
64%
San Luis Potosí San Luis Potosí
50%
Aguascalientes Aguascalientes
45%
Chihuahua Chihuahua
45%
Tlaxcala Tlaxcala de Xicohténcatl
36%
México Toluca
36%
Colima Colima
32%
Guanajuato Guanajuato
32%
Sonora Hermosillo
32%
Baja California Mexicali
32%
Zacatecas Zacatecas
32%
Tamaulipas Ciudad Victoria
27%
Morelos Cuernavaca
27%
Sinaloa Culiacán Rosales
27%
Baja California Sur La Paz
27%
Michoacán Morelia
27%
Querétaro Santiago de Querétaro
27%
Chiapas Tuxtla Gutiérrez
27%
Durango Victoria de Durango
27%
Veracruz Xalapa-Enríquez
27%
Quintana Roo Chetumal
23%
Guerrero Chilpancingo de los Bravo
23%
Coahuila Saltillo
23%
Nayarit Tepic
23%
Tabasco Villahermosa
23%
Hidalgo Pachuca de Soto
18%
Puebla Puebla de Zaragoza
14%
Campeche San Francisco de Campeche
14%
Keine übereinstimmenden Quizze gefunden
Verteilung der Resultate
Anzahl Personen mit jedem Resultat
Perzentil nach korrekt beantworteten Fragen
Ihre Resultats-Entwicklung
Sie haben dieses Quiz noch nicht gespielt